| 000 | 00341nam a2200145Ia 4500 | ||
|---|---|---|---|
| 005 | 20260328104259.0 | ||
| 008 | 260328s9999||||xx |||||||||||||| ||und|| | ||
| 100 | _aCelis, Pablo | ||
| 245 | 0 |
_aBicycle Parking Manual / _cPablo Celis |
|
| 250 | _a1a ed. | ||
| 260 | _bCelis Consult | ||
| 300 | _a95 p. | ||
| 650 | _aURBANISMO | ||
| 942 | _cBK | ||
| 999 |
_c10544 _d10544 |
||